000 00269nam a2200109Ia 4500
008 200302s9999 xx 000 0 und d
100 _aTyler G.Hicks
245 _aBuilding Systems Reference Guide(Usd 43)
260 _bThe McGraw-Hill,NY
260 _c1987
300 _a137
999 _c4599
_d4599